| 000 | 01976nam0a2200385 4500 | ||
|---|---|---|---|
| 001 | RU\NLR\BIBL_A\022579150 | ||
| 005 | 20260408163925.0 | ||
| 010 |
_a978-5-507-50532-6 _950 |
||
| 035 | _a(NLR Aleph) 022579150 | ||
| 090 |
_a13509254 _c13509254 |
||
| 100 | _a20250703d2025 k y0rusy50 ca | ||
| 101 | 0 | _arus | |
| 102 | _aRU | ||
| 105 | _aa z 000yy | ||
| 181 | 0 |
_ai _baxxe |
|
| 182 | 0 | _an | |
| 200 | 1 |
_aСовременные методы анализа легкого углеводородного сырья и продуктов его переработки _eмонография _eдля аспирантов и студентов направлений подготовки и специальностей, входящих в УГСН "Химия", "Химические технологии" _fС. А. Арыстанбекова, М. С. Лапина, А. Б. Волынский |
|
| 203 |
_aТекст _bвизуальный _cнепосредственный |
||
| 205 | _aИзд. 3-е, стер. | ||
| 210 |
_aСанкт-Петербург [и др.] _cЛань _d2025 |
||
| 215 |
_a339 с. _cил., табл. _d24 |
||
| 225 | 1 | _aВысшее образование | |
| 320 | _aБиблиогр.: с. 314-335 (322 назв.) | ||
| 606 | 1 |
_aУглеводородные газы _xХимический состав _91936218 _3RU\NLR\AUTH\661172779 |
|
| 606 | 1 |
_aНефтяные углеводороды _xХимический состав _91780538 _3RU\NLR\AUTH\66800294 |
|
| 606 |
_aЖирные углеводороды _xАнализ _3RU\NLR\AUTH\66439101 _91111411 |
||
| 686 | 1 | _aГ45 | |
| 686 | 1 | _aЛ54-101 | |
| 700 | 1 |
_aАрыстанбекова _bС. А. _gСауле Абдыхановна |
|
| 701 | 1 |
_aЛапина _bМ. С. _gМария Сергеевна |
|
| 701 | 1 |
_aВолынский _bА. Б. _gАнатолий Борисович |
|
| 942 | _cBOOK | ||
| 980 | _aNB | ||